Artistes irlandais les plus écoutés sur Spotify - Statistiques

Statistiques générales
  • Ce quiz a été pris 30 fois
  • Le résultat moyen est 3 sur 10
Statistiques - réponses
Nb d'auditeurs/mois Artiste % Correct
20 060 000 U2
93%
17 595 000 The Cranberries
52%
4 780 000 Sinéad O'Connor
44%
28 650 000 Hozier
30%
17 030 000 Niall Horan
19%
17 420 000 The Script
7%
38 580 000 One Direction
4%
5 360 000 Westlife
4%
12 240 000 Dermot Kennedy
0%
9 005 000 Kodaline
0%
Aucun quiz correspondant
Distribution des résultats
% des personnes avec chaque résultat
Percentile par nombre de réponses
Votre historique - résultats
Vous n’avez pas pris ce quiz